|
|
|
|
| LEADER |
00000cam a2200000 7i4500 |
| 001 |
0000068942 |
| 005 |
20091209.0 |
| 008 |
091209 eng |
| 020 |
|
|
|a 9679389146
|
| 090 |
0 |
0 |
|a J 423.86 KUM
|
| 100 |
1 |
|
|a Kumara Velu
|
| 245 |
1 |
0 |
|a The Special Offer
|c Kumara Velu
|
| 260 |
|
|
|a Selangor :
|b Sama Publications and Distributors Sdn.Bhd. ,
|c 2004
|
| 300 |
|
|
|a 21p. :
|b ill. ;
|c 22cm.
|
| 440 |
|
0 |
|a Theatre-In-Education
|
| 650 |
0 |
0 |
|a Readers
|x Fiction
|
| 999 |
|
|
|a 0000071193
|b Buku
|c Koleksi Pinjaman Kanak-Kanak
|e Perpustakaan Cawangan Jasin
|
| 999 |
|
|
|a 0000071194
|b Buku
|c Koleksi Pinjaman Kanak-Kanak
|e Perpustakaan Cawangan Merlimau
|